[Event "Berkshire Berks & Bucks op-B"]
[Site "Berkshire"]
[Date "2023.08.28"]
[Round "5"]
[White "Ahmed, Yunus"]
[Black "Veselow, Zoe"]
[Result "1-0"]
[WhiteElo "1305"]
[BlackElo "1493"]
[PlyCount "77"]
[EventDate "2023.08.26"]
[EventType "swiss"]
[EventRounds "6"]
[EventCountry "ENG"]
[SourceTitle "CBM 216 Extra"]
[Source "ChessBase"]
[SourceDate "2023.11.30"]
[SourceVersion "1"]
[SourceVersionDate "2023.11.30"]
[SourceQuality "1"]

1. d4 d5 2. c4 e6 3. Nc3 Nf6 4. cxd5 exd5 5. Bg5 Nbd7 6. e3 Be7 7. Nf3 0-0 8. Qb3 h6 9. Bf4 c6 10. Be2 b6 11. 0-0 Bb7 12. Rac1 c5 13. dxc5 Nxc5 14. Qc2 Rc8 15. Nd4 Nce4 16. Rfd1 Bb4 17. Qb3 Bxc3 18. bxc3 Nc5 19. Qa3 g5 20. Bg3 Nfe4 21. Bg4 Ra8 22. c4 Nxg3 23. hxg3 Qf6 24. Nb5 dxc4 25. Rd6 Qg7 26. Nd4 Qh7 27. Nf5 f6 28. Qc3 Ne4 29. Qxc4+ Kh8 30. Re6 Rac8 31. Qf1 h5 32. Re7 Qg6 33. Rxb7 hxg4 34. Nd4 Qe8 35. Rcc7 Rxc7 36. Rxc7 Rf7 37. Qc1 Rxc7 38. Qxc7 Qa4 39. Ne6 1-0

[Event "GBR-ch U09 106th"]
[Site "Torquay"]
[Date "2019.07.26"]
[Round "3"]
[White "Khoury, Theo"]
[Black "Ahmed, Yunus"]
[Result "1-0"]
[WhiteElo "1334"]
[BlackElo "1263"]
[PlyCount "51"]
[EventDate "2019.07.26"]
[EventType "swiss"]
[EventRounds "6"]
[EventCountry "ENG"]
[SourceTitle "EXT 2025"]
[Source "ChessBase"]
[SourceDate "2024.10.14"]
[SourceVersion "1"]
[SourceVersionDate "2024.10.14"]
[SourceQuality "1"]

1. e4 e5 2. Nf3 Nc6 3. Bc4 Nf6 4. Nc3 Nxe4 5. Nxe4 d5 6. Bd3 dxe4 7. Bxe4 Bd6 8. h3 Be6 9. 0-0 0-0 10. Bxc6 bxc6 11. d4 e4 12. Ng5 Bd5 13. Re1 Re8 14. Qg4 Qf6 15. c3 c5 16. Nxe4 Bxe4 17. Rxe4 cxd4 18. Bg5 Rxe4 19. Qxe4 Qxg5 20. Qxa8+ Bf8 21. cxd4 Qd2 22. Qxa7 Qxb2 23. Re1 c5 24. dxc5 Qc3 25. Rb1 Bxc5 26. Qxc5 1-0

[Event "Basingstoke Spring Bank op U1825 2nd"]
[Site "Basingstoke"]
[Date "2019.05.25"]
[Round "2.10"]
[White "Zhu, Feng"]
[Black "Ahmed, Yunus"]
[Result "0-1"]
[WhiteElo "1447"]
[BlackElo "1248"]
[PlyCount "80"]
[EventDate "2019.05.24"]
[EventType "swiss"]
[EventRounds "7"]
[EventCountry "ENG"]
[SourceTitle "EXT 2023"]
[Source "ChessBase"]
[SourceDate "2022.10.05"]
[SourceVersion "1"]
[SourceVersionDate "2022.10.05"]
[SourceQuality "1"]

1. d4 Nf6 2. Bf4 e6 3. Nf3 d5 4. e3 c5 5. Nc3 a6 6. Be2 Nc6 7. 0-0 Be7 8. h3 0-0 9. Na4 cxd4 10. exd4 b5 11. Nc5 Qb6 12. Nb3 Bb7 13. c3 Rac8 14. Nbd2 Na5 15. b4 Nc6 16. a4 Ra8 17. Nb3 Ne4 18. Qc2 bxa4 19. Rxa4 Rfc8 20. Bd3 Nxb4 21. Rxb4 Bxb4 22. Nc5 Bxc5 23. Rb1 Qa7 24. dxc5 Rab8 25. Bxb8 Rxb8 26. Ne5 Nxc5 27. Bxh7+ Kf8 28. Bd3 Bc8 29. Ra1 Qc7 30. Nf3 Bb7 31. Nd2 Rc8 32. Rc1 Bc6 33. Nb3 Ba4 34. Rb1 Nxb3 35. Rxb3 Bxb3 36. Qxb3 Qxc3 37. Qb7 Qc1+ 38. Bf1 Qc6 39. Qb4+ Kg8 40. Qa5 Qd6 0-1